Statistics for Controversies of Jetpunk

Click here to take the quiz!

General Stats

  • This quiz has been taken 120 times
    (97 since last reset)
  • The average score is 9 of 16

Answer Stats

HintAnswer% Correct
This country - or territory - might be part of IsraelPalestine
96%
Some consider it rude to call the United States thisAmerica
90%
Until 2016, this country was considered 'Burma' by JetpunkMyanmar
84%
This country in the Mediterranean might be in either Europe or AsiaCyprus
81%
This country might be part of SerbiaKosovo
79%
Is DPRK an acceptable type-in for this country?North Korea
78%
'Huang He' isn't always accepted for this Chinese riverYellow River
73%
This country has both English and non-English spellingsCote d'Ivoire
64%
This country has both English and non-English spellingsEast Timor
51%
This country is technically still around, though it became 'Germany'West Germany
47%
This country has both English and non-English spellingsCape Verde
39%
OH MY GOSH THIS COUNTRY IS CONTROLLING AMERICAIsrael
35%
Should this place be on the 'Mythical Locations' quiz?Garden of Eden
14%
Kalbahamut thinks this quiz should be called 'Myth-of-Jesus'Life of Jesus
12%
This sport might not be a sportCheerleading
10%
This country has both English and non-English spellingsSwaziland
5%

Score Distribution

Percentile by Number Answered

Percent of People with Each Score

Your Score History

You have not taken this quiz since the last reset